| 000 | 01123cam a2200361 a 4500 | ||
|---|---|---|---|
| 001 | 4708 | ||
| 003 | FISKH | ||
| 005 | 20240923140351.0 | ||
| 008 | 990817s2000 nyua b 000 1 eng | ||
| 010 | _a 99046224 | ||
| 020 | _a0439154332 (pb) | ||
| 020 | _a9780439154338 | ||
| 040 |
_aDLC _cDLC _dDLC _beng |
||
| 050 | _aPZ7.B7633 | ||
| 082 | _a823.91 | ||
| 100 | 1 | _aBridwell, Norman. | |
| 245 | 1 | 4 |
_aThe cat and the bird in the hat / _cstory and pictures by Norman Bridwell. |
| 260 |
_aNew York : _bScholastic, _c2000. |
||
| 300 |
_a30 unnumbered pages : _bcolor illustrations ; _c23 cm |
||
| 440 | 0 |
_aHello reader! _nLevel 1 |
|
| 500 | _a"Cartwheel books." | ||
| 505 | _aH | ||
| 520 | _aAfter quarrelling over ownership of a hat, Spats the cat and Bird find that by sharing it they create a wonderful friendship. | ||
| 521 | 8 |
_a430
_bLexile |
|
| 521 | 8 |
_aH
_bRaz-Plus |
|
| 650 | 1 |
_aCats _vFiction. |
|
| 650 | 1 |
_aBirds _vFiction. |
|
| 650 | 1 |
_aHats _vFiction. |
|
| 650 | 1 |
_aSharing _vFiction. |
|
| 906 |
_a7 _bcbc _corignew _d1 _eocip _f19 _gy-gencatlg |
||
| 942 |
_2ddc _cBK _n0 |
||
| 999 |
_c4708 _d4708 |
||